000
00352nam a2200133Ia 4500
008
151001s9999||||xx |||||||||||||| ||und||
100
_a
शर्मा खोत
245
_a
आधार चयन: यशपाल कहानियाँ
250
_a
1
260
_b
आधार
260
_c
2004
300
_a
152
365
_b
21
999
_c
988053
_d
988050